Appleton's new cuyas english- spanish and spanish - inglish dictionary : nuevo diccionario cuyas (Registro nro. 11870)
[ vista simple ]
| 000 -LEADER | |
|---|---|
| fixed length control field | 00509nam a22001691a 4500 |
| 001 - CONTROL NUMBER | |
| control field | 11870 |
| 003 - CONTROL NUMBER IDENTIFIER | |
| control field | OSt |
| 005 - DATE AND TIME OF LATEST TRANSACTION | |
| control field | 20260204212300.0 |
| 008 - FIXED-LENGTH DATA ELEMENTS--GENERAL INFORMATION | |
| fixed length control field | 140801s1966||||mx ||||||b||||||||||spa|| |
| 082 ## - DEWEY DECIMAL CLASSIFICATION NUMBER | |
| Classification number | R 423.61 C99a |
| 100 ## - ASIENTO PRINCIPAL -- NOMBRE PERSONAL | |
| Personal name | Cuyás, Arturo |
| 245 ## - TÍTULO PROPIAMENTE DICHO: SUBTÍTULO | |
| Title | Appleton's new cuyas english- spanish and spanish - inglish dictionary : nuevo diccionario cuyas |
| 264 ## - PRODUCTION, PUBLICATION, DISTRIBUTION, MANUFACTURE, AND COPYRIGHT NOTICE | |
| Place of production, publication, distribution, manufacture | México : prentice hall |
| 300 ## - PHYSICAL DESCRIPTION | |
| Extensión | xxxiii 589 p |
| 650 ## - ASIENTO SECUNDARIO DE MATERIA -- TERMINO TEMÁTICO | |
| Termino Temático Como Elemento de Entrada | INGLES - DICCIONARIO- ESPAÑOL - DICCINARIO - INGLESÌ |
| 942 ## - ADDED ENTRY ELEMENTS (KOHA) | |
| Source of classification or shelving scheme | Dewey Decimal Classification |
| Koha item type | Libros |
| Withdrawn status | Lost status | Source of classification or shelving scheme | Damaged status | Not for loan | Current library | Date acquired | Total Checkouts | Full call number | Barcode | Date last seen | Price effective from | Koha item type |
|---|---|---|---|---|---|---|---|---|---|---|---|---|
| Dewey Decimal Classification | Biblioteca UTECO | 09/09/2019 | R 423.61 C99A | 017354 | 09/09/2019 | 09/09/2019 | Libros |
